[Event "AUTO-OPEN-1403"]
[Site "http://www.queenalice.com/game.php?id=523007"]
[Date "2009.1.15"]
[Round "1"]
[White "Romerflu"]
[Black "washH"]
[Result "1-0"]
[WhiteElo "1424"]
[BlackElo "1682"]

1. e4 e5 2. f3 Qh4+ 3. g3 Qf6 4. Nc3 c6 5. d3 b5 6. Nh3 a5 7. Bg5 Qd6 8. Be3 b4
9. Na4 f6 10. Bc5 Qe6 11. Bxf8 Kxf8 12. Nc5 Qd6 13. Nb3 a4 14. Nd2 a3 15. Nc4
Qe6 16. b3 d5 17. exd5 Qxd5 18. Nb6 Qd8 19. Nxa8 Bb7 20. Qd2 c5 21. Bg2 f5 22.
Ng5 Bxa8 23. Ne6+ 1-0

[Event "AUTO-OPEN-1403"]
[Site "http://www.queenalice.com/game.php?id=523008"]
[Date "2009.1.15"]
[Round "1"]
[White "washH"]
[Black "lights"]
[Result "0-1"]
[WhiteElo "1731"]
[BlackElo "1858"]

1. g3 d5 2. Bg2 Nf6 3. c3 e5 4. Qa4+ Bd7 5. Qh4 Be7 6. g4 Nxg4 7. Qg3 Bh4 8. Qe3
Nxe3 9. dxe3 Qf6 10. Nf3 c6 11. Bd2 e4 12. Nd4 Qxf2+ 13. Kd1 Qxg2 14. Be1 Qxh1
15. Nc2 Bxe1 16. Nxe1 Bg4 17. Kd2 Qxh2 18. c4 Qxe2+ 0-1

[Event "AUTO-OPEN-1403"]
[Site "http://www.queenalice.com/game.php?id=523009"]
[Date "2009.1.15"]
[Round "1"]
[White "lights"]
[Black "washH"]
[Result "1-0"]
[WhiteElo "1837"]
[BlackElo "1758"]

1. d4 e6 2. e4 Bb4+ 3. c3 Ba5 4. Nf3 b5 5. Bxb5 c6 6. Bd3 Nf6 7. O-O O-O 8. Bg5
d6 9. e5 dxe5 10. dxe5 h6 11. exf6 hxg5 12. fxg7 Kxg7 13. Ne5 f5 14. Qh5 Kf6 15.
Re1 Rg8 16. Qh6+ Ke7 17. Qh7+ Kf8 18. Qf7# 1-0

[Event "AUTO-OPEN-1404"]
[Site "http://www.queenalice.com/game.php?id=523315"]
[Date "2009.1.15"]
[Round "1"]
[White "washH"]
[Black "caiman72"]
[Result "1/2-1/2"]
[WhiteElo "1703"]
[BlackElo "2007"]

1. g3 d5 2. c3 e5 3. Qa4+ c6 4. d3 Nf6 5. h4 Nbd7 6. a3 Be7 7. Nd2 O-O 8. b4 e4
9. e3 exd3 10. Bxd3 Ne5 11. Be2 Bf5 12. f3 Nd3+ 13. Kd1 Nf2+ 14. Ke1 Nxh1 15.
Nf1 a5 16. b5 cxb5 17. Qxb5 Qc7 18. f4 Qxc3+ 19. Nd2 Qxe3 20. Qb3 Qxg1+ 1/2-1/2

[Event "AUTO-OPEN-1404"]
[Site "http://www.queenalice.com/game.php?id=523316"]
[Date "2009.1.15"]
[Round "1"]
[White "caiman72"]
[Black "washH"]
[Result "1-0"]
[WhiteElo "2003"]
[BlackElo "1710"]

1. d4 d5 2. c4 dxc4 3. Nf3 c6 4. e3 Nd7 5. Bxc4 b5 6. Bd3 a5 7. O-O a4 8. e4 c5
9. Bxb5 Rb8 10. Bxa4 Nf6 11. e5 Ne4 12. Qc2 Bb7 13. dxc5 Qc8 14. c6 Bxc6 15.
Bxc6 Kd8 16. Qxe4 h5 17. Rd1 e6 18. Ng5 Rb6 19. Bxd7 1-0

[Event "AUTO-OPEN-1404"]
[Site "http://www.queenalice.com/game.php?id=523320"]
[Date "2009.1.15"]
[Round "1"]
[White "felipephbcs"]
[Black "washH"]
[Result "1-0"]
[WhiteElo "1057"]
[BlackElo "1641"]

1. d4 d5 2. f4 f5 3. e3 a6 4. Bd3 e6 5. Nc3 c6 6. a4 Bb4 7. Ra3 Ne7 8. Nf3 O-O
9. Ne5 g6 10. Kd2 b5 11. Rf1 h5 12. Ke1 c5 13. Ra1 c4 14. Be2 Kh8 15. Rh1 Qe8
16. axb5 a5 17. Bd2 Bb7 18. Bf3 Nc8 19. Ne2 Qxb5 20. Nxg6+ Kg8 21. Rb1 Rf7 22.
Bxh5 Rh7 23. Ng3 a4 24. Ra1 Qa5 25. c3 Be7 26. Ne5 Nb6 27. b4 Qb5 28. Ng6 Bf6
29. Bf3 N8d7 30. Rf1 Rxh2 31. Rh1 Rh7 32. Qe2 Kg7 33. Rxh7+ Kxh7 34. Ne5 Rg8 35.
Kf2 Nf8 36. Rh1+ Kg7 37. Nh5+ Kh6 38. Nxf6+ Kg7 39. Bxd5 Nxd5 40. Qh5 Nxf6 41.
Qf7# 1-0

[Event "AUTO-OPEN-1416"]
[Site "http://www.queenalice.com/game.php?id=528441"]
[Date "2009.1.24"]
[Round "1"]
[White "washH"]
[Black "stamm"]
[Result "0-1"]
[WhiteElo "1616"]
[BlackElo "1761"]

1. d4 d5 2. e3 c5 3. dxc5 Qa5+ 4. c3 Qxc5 5. Qa4+ Bd7 6. Qb3 Bc6 7. Nd2 e6 8. f3
Qxe3+ 9. Be2 Qg5 10. g3 Qf6 11. c4 Bd6 12. h4 Bxg3+ 13. Kf1 Bxh4 14. a4 a5 15.
c5 Nd7 16. Ra3 Nxc5 17. Qc3 Qxc3 18. Rxc3 Nxa4 19. Re3 Bg5 20. Rd3 Nf6 21. b3
Bb5 22. bxa4 Bxd3 23. Bxd3 O-O 24. Nh3 Bxd2 25. Bxd2 h6 26. f4 b6 27. f5 e5 28.
Kg2 e4 29. Be2 d4 30. Rb1 d3 31. Bf1 Rac8 32. Rxb6 Rc2 0-1

[Event "AUTO-OPEN-1416"]
[Site "http://www.queenalice.com/game.php?id=528442"]
[Date "2009.1.24"]
[Round "1"]
[White "stamm"]
[Black "washH"]
[Result "1-0"]
[WhiteElo "1795"]
[BlackElo "1699"]

1. e4 g6 2. d4 Nf6 3. Bd3 d6 4. h3 e6 5. Bg5 h6 6. Bxf6 Qxf6 7. c3 Qg5 8. g4 d5
9. Nf3 Qf4 10. Nbd2 Qd6 11. e5 Qb6 12. b4 a5 13. bxa5 Qxa5 14. Qc2 c6 15. Ke2 c5
16. Nb3 Qb6 17. dxc5 Bxc5 18. Nxc5 Qxc5 19. Nd4 f5 20. exf6 Nd7 21. Bxg6+ Kf8
22. Nxe6+ Kg8 23. f7# 1-0

[Event "AUTO-OPEN-1416"]
[Site "http://www.queenalice.com/game.php?id=528445"]
[Date "2009.1.24"]
[Round "1"]
[White "washH"]
[Black "Mustis"]
[Result "0-1"]
[WhiteElo "1634"]
[BlackElo "1645"]

1. d4 Nf6 2. e3 e6 3. f3 d5 4. Qe2 c5 5. dxc5 Bxc5 6. Qb5+ Nbd7 7. b4 a6 8. Qa4
b5 9. Qa3 Bd6 10. Bb2 a5 11. Bc3 Bb7 12. g4 axb4 13. Qb3 bxc3 14. Qxb5 O-O 15.
Qxb7 Nc5 16. Qb4 Nd3+ 17. Bxd3 Bxb4 18. Ne2 Re8 19. a3 Bc5 20. Nexc3 Bxe3 21.
Bb5 Rf8 22. Ke2 d4 23. Nd1 Bf4 24. a4 Qd5 25. c4 d3+ 26. Ke1 Qxf3 27. Rg1 Qe2#
0-1

[Event "AUTO-OPEN-1416"]
[Site "http://www.queenalice.com/game.php?id=528446"]
[Date "2009.1.24"]
[Round "1"]
[White "Mustis"]
[Black "washH"]
[Result "0-1"]
[WhiteElo "1264"]
[BlackElo "1604"]

1. e4 h5 2. d4 b6 3. Nf3 Bb7 4. Nc3 g6 5. Bc4 a6 6. Bf4 b5 7. Bd3 b4 8. Ne2 a5
9. c3 f6 10. O-O e6 11. Qb3 h4 12. h3 g5 13. Bh2 Nc6 14. Bc4 a4 15. Qc2 a3 16.
b3 e5 17. d5 Na5 18. cxb4 Bxb4 19. Nc3 d6 20. Rac1 Ne7 21. Bb5+ c6 22. dxc6
Nexc6 23. Nd5 Rc8 24. Nxb4 Qb6 25. Bxc6+ Nxc6 26. Nxc6 Rxc6 27. Qd2 Rc7 28. Rxc7
Qxc7 29. Qb4 d5 30. exd5 Bxd5 31. Qxa3 Qc6 32. Qa4 Qxa4 33. bxa4 Bxa2 34. a5 Ke7
35. Ra1 Bd5 36. Ne1 f5 37. Bxe5 Rc8 38. a6 Ke6 0-1

[Event "AUTO-OPEN-1404"]
[Site "http://www.queenalice.com/game.php?id=600841"]
[Date "2009.6.9"]
[Round "2"]
[White "washH"]
[Black "anderson_amorim89"]
[Result "0-1"]
[WhiteElo "1586"]
[BlackElo "1793"]

1. e4 c5 2. Nf3 d6 3. c3 Nc6 4. d4 cxd4 5. cxd4 Bg4 6. d5 Ne5 7. Qa4+ Nd7 8. Nd4
Nf6 9. h3 Bh5 10. Qb3 Nxe4 11. Qxb7 Rb8 0-1

[Event "AUTO-OPEN-1404"]
[Site "http://www.queenalice.com/game.php?id=600842"]
[Date "2009.6.9"]
[Round "2"]
[White "anderson_amorim89"]
[Black "washH"]
[Result "1-0"]
[WhiteElo "1801"]
[BlackElo "1578"]

1. e4 c5 2. Nf3 b6 3. d4 e6 4. d5 d6 5. Nc3 e5 6. Bb5+ Nd7 7. Bc6 Rb8 8. Bg5 f6
9. Nh4 fxg5 10. Qh5+ Ke7 11. Nf5+ 1-0